书目信息 |
| 题名: |
沉默的另一面
|
|
| 作者: | Butalia , 乌瓦什 著 ;马爱农 译 | |
| 分册: | ||
| 出版信息: | 北京 人民文学出版社 2001 |
|
| 页数: | 281页 | |
| 开本: | 21cm | |
| 丛书名: | 猫头鹰学术译丛 | |
| 单 册: | ||
| 中图分类: | K351.5 | |
| 科图分类: | ||
| 主题词: | CT--S089259--印巴分治 , 印巴分治--研究 , 印度--现代史--研究 , 巴基斯坦--现代史--研究 | |
| 电子资源: | ||
| ISBN: | 7-02-003431-4 | |
| 000 | 01136nam0 2200325 450 | |
| 001 | TS2006000492 | |
| 005 | 20061227100642.87 | |
| 010 | @a7-02-003431-4@dCNY16.00 | |
| 092 | @aCN@bTS01-000558 | |
| 100 | @a20060829d2001 em y0chiy0110 ea | |
| 101 | 1 | @achi@ceng |
| 102 | @aCN@b110000 | |
| 105 | @ay z 000yy | |
| 200 | 1 | @a沉默的另一面@Achen mo de ling yi mian@f(印)布塔利亚·乌瓦什(Urvashi Butalia)著@F( Yin ) Bu Ta Li Ya· Wu Wa Shi (Urvashi Butalia) Zhu@g马爱农译 |
| 210 | @a北京@c人民文学出版社@d2001 | |
| 215 | @a281页@d21cm | |
| 225 | 2 | @a猫头鹰学术译丛 |
| 330 | @a本书分为“开始”、“血缘”、“‘事实’”、“妇女”、“‘荣誉’和‘贞操’”、“儿童”、“‘边缘人’”、“记忆”八部分。 | |
| 410 | 0 | @12001 @a猫头鹰学术译丛 |
| 510 | 1 | @aThe Other Side of Silence@zeng |
| 606 | 0 | @2CT@3S089259@a印巴分治 |
| 606 | 0 | @a印巴分治@y研究 |
| 606 | @a印度@x现代史@y研究 | |
| 606 | @a巴基斯坦@x现代史@y研究 | |
| 690 | @aK351.5@v4 | |
| 701 | 1 | @aButalia@bUrvashi@4著 |
| 701 | 1 | @a乌瓦什@Awu wa shi@b布塔利亚@4著 |
| 702 | 0 | @a马爱农@Ama ai nong@4译 |
| 801 | 0 | @aCN@b中图数据@c20061227 |
| 905 | @a10447@dK351.5@e12 | |
| 沉默的另一面/(印)布塔利亚·乌瓦什(Urvashi Butalia)著/马爱农译.-北京:人民文学出版社,2001 |
| 281页;21cm.-(猫头鹰学术译丛) |
| ISBN 7-02-003431-4:CNY16.00 |
| 本书分为“开始”、“血缘”、“‘事实’”、“妇女”、“‘荣誉’和‘贞操’”、“儿童”、“‘边缘人’”、“记忆”八部分。 |
| ● |
| 相关链接 |
|
|
|
|
正题名:沉默的另一面
索取号:K351.5/12
 
预约/预借
| 序号 | 登录号 | 条形码 | 馆藏地/架位号 | 状态 | 备注 |
| 1 | 0612770 | 206127706 | 第二样本阅览室/ [索取号:K351.5/12] | 在馆 | |
| 2 | 0612771 | 206127715 | 第二借阅区/ [索取号:K351.5/12] | 在馆 | |
| 3 | 0612772 | 206127724 | 第二借阅区/ [索取号:K351.5/12] | 在馆 | |
| 4 | 0612773 | 206127733 | 第二借阅区/ [索取号:K351.5/12] | 在馆 | |
| 5 | 0612774 | 206127742 | 第二借阅区/ [索取号:K351.5/12] | 在馆 | |
| 6 | 0612775 | 206127751 | 第二借阅区/ [索取号:K351.5/12] | 在馆 |